| 000 | 00767cam a22002051 4500 | ||
|---|---|---|---|
| 082 |
_a954 _bSAC _cL-28, P-73 |
||
| 100 | 0 |
_aBīrūnī, Muḥammad ibn Aḥmad, _946382 |
|
| 245 | 0 | 0 |
_aAlberuni's India; _ban account of the religion, philosophy, literature, geography, chronology, astronomy, customs, laws and astrology of India, about A.D. 1030. |
| 250 | _aAn English ed. | ||
| 260 |
_aLahore, _bPrinted under the authority of Govt. of West Pakistan, _c1962- |
||
| 300 |
_av. _billus. _c25 cm. |
||
| 490 | 0 | _aTrubner's Oriental series | |
| 526 |
_a0 _b0 _c0 _d954_000000000000000_SAC |
||
| 650 | 0 |
_aAstrology. _946383 |
|
| 650 | 0 |
_aChronology, Hindu. _946384 |
|
| 650 | 0 |
_aHindus. _946385 |
|
| 650 | 0 |
_aMCE _9379 |
|
| 700 | 1 |
_aSachau, Eduard, _946386 |
|
| 942 |
_2ddc _cBK |
||
| 999 |
_c549731 _d549731 |
||